LIBRARY & INFORMATION CENTRE, KCAET, TAVANUR

ONLINE PUBLIC ACCESS CATALOGUE (OPAC)

Ball badminton game rules / (Record no. 3838)

MARC details
000 -LEADER
fixed length control field 00388cam a2200157ua 4500
003 - CONTROL NUMBER IDENTIFIER
control field OSt
008 - FIXED-LENGTH DATA ELEMENTS--GENERAL INFORMATION
fixed length control field 231104b |||||||| |||| 00| 0 eng d
041 ## - LANGUAGE CODE
Language code of text/sound track or separate title eng
082 ## - DEWEY DECIMAL CLASSIFICATION NUMBER
Classification number 796.345
Item number BAL/BA
245 ## - TITLE STATEMENT
Title Ball badminton game rules /
260 ## - PUBLICATION, DISTRIBUTION, ETC. (IMPRINT)
Place of publication India :
Name of publisher Ball Badminton Federation of India ,
Year of publication 1977.
300 ## - PHYSICAL DESCRIPTION
Number of Pages 14 ; .
500 ## - GENERAL NOTE
General note **Reference
650 ## - SUBJECT ADDED ENTRY--TOPICAL TERM
Topical Term Game
942 ## - ADDED ENTRY ELEMENTS (KOHA)
Koha item type Books
Holdings
Withdrawn status Lost status Damaged status Home library Current library Date acquired Full call number Accession Number Koha item type
      KAUAET KAUAET 07/04/2012 796.345 14062 Reference
free website counter